00911nam a2200253 u 450000100100000000500170001000800410002702000180006804100090008604300120009508200070010710000230011424500810013725000120021826000300023030000210026050101940028165000360047565000400051165000260055165000270057765000330060470000200063700006149520200120224044.0140704s2012 ck gr| 000 0 spa d a97895842372310 aYspa ac-k----042211 akawabata, Yasunari13aLa casa de las bellas durmientes /cYasunari Kawabata ; traducción de M.C. a1a. ed. aBogota :bEmecé,c2012. a112 p. ;e21 cm. aBreve, vella y profunda, la casa de las bellas durmientes, deja el ánimo del lector la sensación de una metáfora cuyos términos no son fáciles de desentrañar, Mario Vargas Llosa17aNovela japonesaysiglo XX2LEMB27aLiteratura japonesaysiglo XX2LEMB27aSoledadxnovela2LEMB27aNovela erótica2LEMB27aVejez en la literatura2LEMB1 aM.C.etraductor